000 00530 a2200181 4500
003 OSt
005 20240220153406.0
008 240205b |||||||| |||| 00| 0 eng d
020 _a9789393018489
040 _coclc
082 _a894.8129
_bMOO/K
100 _aMoosakutty, N. M
_910382
245 _aKumaon Kunnukalile Narabhojikal /
_cN. M. Moosakkutty
250 _a4th ed.
260 _aKOZHIKODE:
_bOLIVE PUBLICATION,
_c2023.
300 _a178P.
942 _2ddc
_cBK
_h894.8129
_iMOO/K
_k894.8129
_mMOO/K
999 _c44285
_d44285